| 000 | 00447nam a2200169 a 4500 | ||
|---|---|---|---|
| 005 | 20140310183320.0 | ||
| 008 | 060303s19uu xx 00 eng d | ||
| 020 | _a0440221862 | ||
| 050 |
_aPS 3558.U494 _b.H945 1998 |
||
| 100 | _aHunter, Stephen | ||
| 245 |
_aThe second saladin / _cStephen Hunter. |
||
| 260 |
_aNew York : _bDell Publishing, _c1998. |
||
| 300 |
_a483 p. : _c18 cm. |
||
| 650 | _aFiction | ||
| 942 |
_cBK _2lcc |
||
| 999 |
_c21378 _d21378 |
||